000 00369nam a2200133Ia 4500
005 20260326235441.0
008 260326s9999||||xx |||||||||||||| ||und||
100 _aAntonelli, Paola
245 0 _aObjects of Design :
_b From the Museum of Modern Art /
_cPaola Antonelli
260 _bMuseum of Modern Art
300 _a288 p.
650 _aDISEÑO INDUSTRIAL
942 _cBK
999 _c7405
_d7405